VÝKRMNOSŤ, JATOČNÁ HODNOTA A KVALITA MÄSA POTOMSTVA KANCOV SO ZNÁMOU VLASTNOU ÚŽITKOVOSŤOU V RÔZNOM PROSTREDÍ

Bibliographic Details
Main Authors: Bahelka, I. (Author), Fľak, Pavel (Author), Blanco Roa, N. E. (Author)
Format: Article
Language:Slovak

MARC

LEADER 00000nab a2200000uu 4500
001 vtls011538810
003 SK-MaSNL
005 20260304013350.0
008 230218|2004 xo |||||||||||||||||slo|
015 |a SNBRB 
035 |a (urnnbn)urn:nbn:sk:snk:ar-a09p0a 
035 |a (uuid)b209e325-a602-4028-9340-72ebe5dac8dc 
035 |a urn:nbn:sk:snk-abexfh 
040 |a SNKBUCL  |b slo  |c SNKBUCL  |e AACR2 
041 0 |a slo 
044 |a xo  |c SK 
100 1 |a Bahelka, I.  |4 aut  |9 800078 
245 1 0 |a VÝKRMNOSŤ, JATOČNÁ HODNOTA A KVALITA MÄSA POTOMSTVA KANCOV SO ZNÁMOU VLASTNOU ÚŽITKOVOSŤOU V RÔZNOM PROSTREDÍ  |c I. Bahelka, P. Fľak, N. E. Blanco Roa 
246 3 |a FATTENING, CARCASS AND MEAT QUALITY TRAITS OF PROGENY OF BOARS WITH KNOWN OWN PERFORMANCE IN DIFFERENT ENVIRONMENTS 
700 1 |a Fľak, Pavel  |4 aut  |9 5306 
700 1 |a Blanco Roa, N. E.  |4 aut  |9 1275486 
773 0 |t Journal of farm animal science : vedecké práce Výskumného ústavu živočíšnej výroby v Nitre  |g Roč. 37, č. 37 (2004), s. 103-110 
954 |a odborná, vedecká literatúra pôvodná (slovenská)  |2 lita 
958 |a OND 
958 |a EUIPO 
958 |a article22 
999 |c 2575509  |d 2577439